[Event "DVM U16 2008"]
[Site "Bingen GER"]
[Date "2008.12.27"]
[Round "2"]
[White "Schiffner, Kevin"]
[Black "Decher, Paul"]
[Result "1-0"]
[Termination "normal"]
[Board "6.1"]
[WhiteElo "1925"]
[BlackElo "1693"]
[WhiteTeam "SG Aufbau Elbe Magdeburg"]
[BlackTeam "SK Gräfelfing"]
[PlyCount "73"]
[WhiteFideId "24674940"]
[BlackFideId "1270603"]
[EventCountry "GER"]
[EventRounds "7"]
[EventType "team-swiss"]
[EventDate "2008.12.26"]

1. d4 d5 2. c4 e6 3. Nc3 Nf6 4. Bg5 Nbd7 5. Nf3 c6 6. e3 Qa5 7. Nd2 Bb4 8. Qc2
dxc4 9. Bxf6 Nxf6 10. Bxc4 O-O 11. O-O Bxc3 12. bxc3 e5 13. Nf3 exd4 14. cxd4
Bf5 15. Qb3 Qc7 16. Rac1 Qe7 17. a4 Rac8 18. Qc3 Ne4 19. Qa5 Nd6 20. Be2 b6 21.
Qb4 Qc7 22. Ba6 Nb7 23. Ne5 c5 24. Qb2 Rfe8 25. Qe2 25... Rcd8 {(=)} 26. Bb5
Re6 27. Bc4 Rf6 28. Rfd1 Qe7 29. Bb3 Re8 30. Qb2 cxd4 31. Nc6 Qe4 32. Rxd4 Rxc6
33. Rxe4 Rxc1+ 34. Qxc1 Bxe4 35. Qc7 Bg6 36. Qxb7 Rd8 37. h3 1-0

[Event "DVM U16 2008"]
[Site "Bingen GER"]
[Date "2008.12.27"]
[Round "2"]
[White "Bollmann, Laslo"]
[Black "Rafayevych, Vilen"]
[Result "1-0"]
[Termination "normal"]
[Board "6.2"]
[WhiteElo "1626"]
[BlackElo "1979"]
[WhiteTeam "SK Gräfelfing"]
[BlackTeam "SG Aufbau Elbe Magdeburg"]
[PlyCount "105"]
[BlackFideId "24673897"]
[EventCountry "GER"]
[EventRounds "7"]
[EventType "team-swiss"]
[EventDate "2008.12.26"]

1. e4 c5 2. Nf3 e6 3. d4 cxd4 4. Nxd4 Nc6 5. Nc3 Qc7 6. g3 a6 7. Bg2 Nf6 8. O-O
d6 9. Re1 Be7 10. Nxc6 bxc6 11. Na4 d5 12. e5 Nd7 13. Qg4 g6 14. Bf4 Nb6 15.
Nxb6 Qxb6 16. b3 Bb7 17. Bg5 Qd8 18. Bh6 Qd7 19. c4 O-O-O 20. Rec1 Kb8 21. c5
Qc7 22. Qd4 Rhg8 23. Bd2 Rdf8 24. b4 g5 25. Qd3 f6 26. Bc3 f5 27. a4 f4 28. Qd4
fxg3 29. fxg3 g4 30. Rf1 h5 31. Bd2 Bc8 32. Be3 Bd7 33. Rxf8+ Rxf8 34. Bf1 Rf5
35. Bxa6 Ka7 36. Bd3 Rxe5 37. Bf4 Bf6 38. Qf2 Be8 39. b5 Kb7 40. b6 Qg7 41.
Bxe5 Bxe5 42. Rd1 Bd4 43. Ba6+ Kxa6 44. Qxd4 Qxd4+ 45. Rxd4 Bg6 46. Rf4 Bf5 47.
Kf2 Kb7 48. Ke3 Ka6 49. Kd4 Kb7 50. Ke5 Ka6 51. Rxf5 exf5 52. Kxf5 Kb7 53. Kg5
1-0

[Event "DVM U16 2008"]
[Site "Bingen GER"]
[Date "2008.12.27"]
[Round "2"]
[White "Schiffner, Alexander"]
[Black "Barth, Stefan"]
[Result "1-0"]
[Termination "time forfeit"]
[Board "6.3"]
[WhiteElo "1689"]
[BlackElo "1532"]
[WhiteTeam "SG Aufbau Elbe Magdeburg"]
[BlackTeam "SK Gräfelfing"]
[PlyCount "109"]
[EventCountry "GER"]
[EventRounds "7"]
[EventType "team-swiss"]
[EventDate "2008.12.26"]

1. e4 e5 2. Nf3 Nf6 3. Nxe5 d6 4. Nf3 Nxe4 5. d3 Nf6 6. Be2 Bg4 7. Bg5 Be7 8.
Nc3 Nc6 9. O-O Qd7 10. a3 h6 11. Be3 d5 12. d4 O-O-O 13. b4 g5 14. b5 Na5 15.
Ne5 Bxe2 16. Qxe2 Qe6 17. f4 gxf4 18. Bxf4 Nc4 19. Nxc4 Qxe2 20. Nxe2 dxc4 21.
Be5 Rhe8 22. Bxf6 Bxf6 23. Rxf6 Rxe2 24. c3 Rc2 25. Rf3 Rd7 26. a4 Kd8 27. a5
b6 28. a6 Re7 29. Raf1 Ree2 30. R3f2 Rxf2 31. Rxf2 Rxc3 32. Rxf7 Re3 33. Rf8+
Kd7 34. Kf2 Re7 35. Rf3 Ke6 36. Re3+ Kd6 37. Rxe7 Kxe7 38. Ke2 Kd6 39. Kd2 Kd5
40. Kc3 h5 41. h4 c6 42. bxc6 Kxc6 43. Kxc4 43... Kd6 {(=)} 44. Kb5 Kd5 45. g3
45... Kxd4 {(=)} 46. g4 hxg4 47. h5 g3 48. h6 g2 49. h7 g1=Q 50. h8=Q+ Ke4 51.
Qe8+ Kd3 52. Qd7+ Kc3 53. Qc6+ Kd3 54. Qc4+ Kd2 55. Qf4+ 1-0

[Event "DVM U16 2008"]
[Site "Bingen GER"]
[Date "2008.12.27"]
[Round "2"]
[White "Bothe, Thomas"]
[Black "Tarouchkin, Alexander"]
[Result "1-0"]
[Termination "normal"]
[Board "6.4"]
[WhiteElo "1306"]
[BlackElo "1180"]
[WhiteTeam "SK Gräfelfing"]
[BlackTeam "SG Aufbau Elbe Magdeburg"]
[PlyCount "49"]
[WhiteFideId "1270606"]
[EventCountry "GER"]
[EventRounds "7"]
[EventType "team-swiss"]
[EventDate "2008.12.26"]

1. e4 e5 2. Nf3 Nc6 3. Bc4 Nf6 4. Nc3 Bb4 5. O-O O-O 6. d3 b6 7. Bd2 Bb7 8. a3
Bxc3 9. Bxc3 d6 10. Nd2 Ne7 11. f4 d5 12. fxe5 dxc4 13. exf6 gxf6 14. Bxf6 Qd6
15. Nxc4 Qc5+ 16. Kh1 Rfe8 17. Qd2 Ng6 18. Rf5 Qf8 19. Ne5 Bc8 20. Ng4 Qd6 21.
e5 Qc5 22. d4 Qxd4 23. Qh6 Qg1+ 24. Rxg1 Bxf5 25. Qg7# 1-0

[Event "DVM U16 2008"]
[Site "Bingen GER"]
[Date "2008.12.27"]
[Round "2"]
[White "Kremser, Michael"]
[Black "Höger, Bastian"]
[Result "1-0"]
[Termination "normal"]
[Board "7.1"]
[WhiteElo "1818"]
[BlackElo "1855"]
[WhiteTeam "Schachgemeinschaft Porz"]
[BlackTeam "Kieler SG Meerbauer"]
[PlyCount "73"]
[WhiteFideId "1270131"]
[BlackFideId "24611140"]
[EventCountry "GER"]
[EventRounds "7"]
[EventType "team-swiss"]
[EventDate "2008.12.26"]

1. d4 Nf6 2. c4 g6 3. Nc3 Bg7 4. e4 d6 5. f3 O-O 6. Be3 a6 7. Qd2 Nbd7 8. h4 c5
9. d5 Ne5 10. g4 h5 11. gxh5 Nxh5 12. Bh6 Kh7 13. Bxg7 Kxg7 14. f4 Nd7 15. Bd3
Rb8 16. Nf3 Qa5 17. Rg1 b5 18. f5 bxc4 19. fxg6 19... f6 {(=)} 20. Bxc4 Qb4 21.
b3 Nb6 22. Be2 Rh8 23. Rc1 c4 24. Nb1 Qxd2+ 25. Nbxd2 cxb3 26. Nxb3 Nf4 27. Rc7
Rb7 28. Rxb7 Bxb7 29. Na5 Bc8 30. Nc6 Na4 31. Nxe7 Re8 32. Nxc8 Rxe4 33. Nxd6
Rxe2+ 34. Kf1 Nc3 35. Nf5+ Kg8 36. g7 Ncxd5 37. Nh6+ 1-0

[Event "DVM U16 2008"]
[Site "Bingen GER"]
[Date "2008.12.27"]
[Round "2"]
[White "Höger, Phillipp"]
[Black "Finke, Kai"]
[Result "1-0"]
[Termination "normal"]
[Board "7.2"]
[WhiteElo "1743"]
[BlackElo "1593"]
[WhiteTeam "Kieler SG Meerbauer"]
[BlackTeam "Schachgemeinschaft Porz"]
[PlyCount "109"]
[WhiteFideId "24657212"]
[BlackFideId "1270611"]
[EventCountry "GER"]
[EventRounds "7"]
[EventType "team-swiss"]
[EventDate "2008.12.26"]

1. c4 c5 2. g3 Nc6 3. Bg2 g6 4. Nc3 Bg7 5. e3 e6 6. Nge2 Nge7 7. O-O d5 8. cxd5
exd5 9. d4 cxd4 10. Nxd4 Nxd4 11. exd4 O-O 12. Bg5 f6 13. Bf4 Be6 14. Rc1 Qd7
15. Re1 Bf7 16. Qb3 g5 17. Be3 Rac8 18. Qa3 Nc6 19. b4 Qd6 20. Nb5 Qxb4 21.
Qxb4 Nxb4 22. Rxc8 Rxc8 23. Nd6 Rc7 24. Nxf7 Kxf7 25. a3 Nc6 26. Bxd5+ Kg6 27.
Rc1 Bf8 28. Rc3 Rd7 29. Be4+ Kg7 30. d5 Ne7 31. Rd3 b6 32. Bd2 h6 33. Bb4 Rd8
34. Rd2 f5 35. Bg2 Rd7 36. d6 Ng6 37. Bc6 Rd8 38. Bc3+ Kf7 39. d7 Bxa3 40. Re2
Ne7 41. Ba4 a6 42. Be5 b5 43. Bb3+ Kf8 44. Be6 Ra8 45. Rd2 Nc6 46. Bd5 Nxe5 47.
Bxa8 Be7 48. d8=Q+ Bxd8 49. Rxd8+ Ke7 50. Rd1 a5 51. Rb1 b4 52. Ra1 Nc4 53. Bd5
Nd2 54. Rxa5 b3 55. Rb5 1-0

[Event "DVM U16 2008"]
[Site "Bingen GER"]
[Date "2008.12.27"]
[Round "2"]
[White "Krause, Johann"]
[Black "Gogol, Max"]
[Result "0-1"]
[Termination "normal"]
[Board "7.3"]
[WhiteElo "1463"]
[BlackElo "1698"]
[WhiteTeam "Schachgemeinschaft Porz"]
[BlackTeam "Kieler SG Meerbauer"]
[PlyCount "72"]
[WhiteFideId "1270612"]
[BlackFideId "4620429"]
[EventCountry "GER"]
[EventRounds "7"]
[EventType "team-swiss"]
[EventDate "2008.12.26"]

1. e3 Nf6 2. c4 g6 3. b3 Bg7 4. Bb2 O-O 5. Be2 d6 6. Bf3 e5 7. d3 Nbd7 8. Qc2
c6 9. Ba3 Qc7 10. Ne2 Ne8 11. d4 f5 12. g3 e4 13. Bg2 c5 14. Bb2 Nef6 15. Nf4
Nb6 16. d5 Qe7 17. Nc3 a6 18. h4 Ng4 19. h5 g5 20. Nfe2 Ne5 21. Nc1 g4 22. N3e2
Nd3+ 23. Nxd3 exd3 24. Qxd3 Bxb2 25. Rb1 Be5 26. Kd2 Nd7 27. Rbg1 Bg7 28. Nf4
Ne5 29. Qc2 Bh6 30. Ke2 Rb8 31. e4 fxe4 32. Qxe4 Bf5 33. Qe3 Qf6 34. Qc3 Nf3
35. Qxf6 Nxg1+ 36. Rxg1 Rxf6 0-1

[Event "DVM U16 2008"]
[Site "Bingen GER"]
[Date "2008.12.27"]
[Round "2"]
[White "Dittmann, Jan"]
[Black "Schell, Samuel"]
[Result "1-0"]
[Termination "normal"]
[Board "7.4"]
[WhiteElo "1717"]
[BlackElo "1301"]
[WhiteTeam "Kieler SG Meerbauer"]
[BlackTeam "Schachgemeinschaft Porz"]
[PlyCount "81"]
[EventCountry "GER"]
[EventRounds "7"]
[EventType "team-swiss"]
[EventDate "2008.12.26"]

1. c4 g6 2. Nc3 Bg7 3. d4 d6 4. e3 e5 5. Nge2 Bg4 6. h3 Bf5 7. Ng3 Bd7 8. d5 f5
9. Bd3 Nf6 10. Bd2 Na6 11. Rb1 Nc5 12. Bc2 b6 13. b4 Nb7 14. Ba4 O-O 15. Bc6
Rb8 16. Nge2 Qe8 17. Qa4 a5 18. Bxd7 Qxd7 19. Qxd7 Nxd7 20. a3 Rf7 21. O-O Rbf8
22. f3 Bh6 23. Nb5 Nf6 24. Nec3 Nh5 25. Kf2 Re7 26. Na7 axb4 27. axb4 Nd8 28.
Ra1 Nf7 29. Nc6 Rd7 30. Ra7 Nd8 31. Rfa1 Nxc6 32. dxc6 Re7 33. Nd5 Ref7 34.
Rxc7 Bg5 35. Rxf7 Rxf7 36. Ra8+ Kg7 37. c7 Rxc7 38. Nxc7 Kf7 39. Nd5 b5 40.
cxb5 Ke6 41. b6 1-0

[Event "DVM U16 2008"]
[Site "Bingen GER"]
[Date "2008.12.27"]
[Round "2"]
[White "Meng, Pascal"]
[Black "Neukötter, Max"]
[Result "0-1"]
[Termination "normal"]
[Board "8.1"]
[WhiteElo "1595"]
[BlackElo "1952"]
[WhiteTeam "Schachklub Gau-Algesheim"]
[BlackTeam "Schachfreunde Paderborn 2000"]
[PlyCount "60"]
[WhiteFideId "24608165"]
[BlackFideId "24648108"]
[EventCountry "GER"]
[EventRounds "7"]
[EventType "team-swiss"]
[EventDate "2008.12.26"]

1. d4 Nf6 2. Nf3 g6 3. Bf4 Bg7 4. Nc3 d5 5. Qd2 O-O 6. Bh6 Nbd7 7. Bxg7 Kxg7 8.
O-O-O c6 9. h4 b5 10. a3 a5 11. Ne5 Qc7 12. Nxd7 Bxd7 13. f3 b4 14. Nb1 Rfb8
15. g4 Qb6 16. c3 bxa3 17. Nxa3 Ra7 18. Qc2 Rab7 19. Rd2 c5 20. e3 c4 21. h5
Qe6 22. h6+ Kf8 23. e4 Bc6 24. e5 Ne8 25. Qd1 {(=)} 25... Rb3 26. Bh3 Ba4 27.
Qe2 Qb6 28. Nb1 Nc7 29. Qe3 Rxb2 30. Na3 Rb1+ 0-1

[Event "DVM U16 2008"]
[Site "Bingen GER"]
[Date "2008.12.27"]
[Round "2"]
[White "Hötte, Philipp"]
[Black "Stephan, Nikita"]
[Result "1/2-1/2"]
[Termination "normal"]
[Board "8.2"]
[WhiteElo "1725"]
[BlackElo "1602"]
[WhiteTeam "Schachfreunde Paderborn 2000"]
[BlackTeam "Schachklub Gau-Algesheim"]
[PlyCount "43"]
[WhiteFideId "24696390"]
[BlackFideId "1270614"]
[EventCountry "GER"]
[EventRounds "7"]
[EventType "team-swiss"]
[EventDate "2008.12.26"]

1. e4 e5 2. Nf3 Nf6 3. Nxe5 d6 4. Nf3 Nxe4 5. Be2 Be7 6. O-O O-O 7. d3 Nf6 8.
Nc3 Bg4 9. d4 d5 10. h3 Bf5 11. Ne5 Nbd7 12. Bd3 Bxd3 13. Qxd3 Re8 14. Qb5 Nb6
15. a4 c6 16. Qd3 Nbd7 17. f4 Bb4 18. Ne2 Ne4 19. Ng3 Nxg3 20. Qxg3 Nf6 21. f5
Ne4 22. Qg4 1/2-1/2

[Event "DVM U16 2008"]
[Site "Bingen GER"]
[Date "2008.12.27"]
[Round "2"]
[White "Michel, Pascal"]
[Black "Neukötter, Moritz"]
[Result "1/2-1/2"]
[Termination "normal"]
[Board "8.3"]
[WhiteElo "1390"]
[BlackElo "1685"]
[WhiteTeam "Schachklub Gau-Algesheim"]
[BlackTeam "Schachfreunde Paderborn 2000"]
[PlyCount "66"]
[BlackFideId "24603279"]
[EventCountry "GER"]
[EventRounds "7"]
[EventType "team-swiss"]
[EventDate "2008.12.26"]

1. d4 f5 2. c4 Nf6 3. Nc3 g6 4. Nf3 Bg7 5. Bf4 d6 6. Qd2 Nbd7 7. Bh6 O-O 8.
Bxg7 Kxg7 9. g3 e5 10. dxe5 Nxe5 11. Nxe5 dxe5 12. Qxd8 Rxd8 13. Bg2 Be6 14. b3
c6 15. O-O {(=)} 15... Rd2 16. Rfd1 Rad8 17. Kf1 e4 18. Ke1 R2d7 19. Rxd7+ Rxd7
20. Rd1 Rxd1+ 21. Nxd1 Ng4 22. h3 Ne5 23. f3 exf3 24. exf3 g5 25. Nf2 {(=)}
25... Ng6 26. Nd3 f4 27. g4 Kf6 28. Nc5 Nh4 29. Kf2 Nxg2 30. Kxg2 b6 31. Ne4+
Kg6 32. Kf2 h6 33. Ke2 Bd7 1/2-1/2

[Event "DVM U16 2008"]
[Site "Bingen GER"]
[Date "2008.12.27"]
[Round "2"]
[White "Hohmann, Louisa"]
[Black "Sonnhalter, Stella"]
[Result "1-0"]
[Termination "normal"]
[Board "10.1"]
[WhiteElo "1739"]
[BlackElo "1623"]
[WhiteTeam "SG Bochum 31"]
[BlackTeam "SC Réti Heusweiler"]
[PlyCount "59"]
[BlackFideId "4624815"]
[EventCountry "GER"]
[EventRounds "7"]
[EventType "team-swiss"]
[EventDate "2008.12.26"]

1. e4 c5 2. Nf3 Nc6 3. d4 cxd4 4. Nxd4 g6 5. c4 Bg7 6. Nc2 Nf6 7. Nc3 O-O 8.
Be2 d6 9. O-O Nd7 10. Bd2 a5 11. Qc1 Nc5 12. Bh6 Bd7 13. Bxg7 Kxg7 14. f4 f5
15. e5 dxe5 16. fxe5 Be6 17. Qe3 Nd7 18. Rad1 Qc7 19. Nb5 Qc8 20. Ncd4 Nxd4 21.
Nxd4 Nc5 22. Qa3 Qc7 23. Qe3 Bd7 24. e6 Bc8 25. Kh1 Qb6 26. Qg5 Bxe6 27. Qxe7+
Rf7 28. Qxc5 Ra6 29. Qe5+ Rf6 30. c5 1-0

[Event "DVM U16 2008"]
[Site "Bingen GER"]
[Date "2008.12.27"]
[Round "2"]
[White "Meiser, Michael"]
[Black "Butschek, Marc"]
[Result "1/2-1/2"]
[Termination "normal"]
[Board "10.2"]
[WhiteElo "1568"]
[BlackElo "1775"]
[WhiteTeam "SC Réti Heusweiler"]
[BlackTeam "SG Bochum 31"]
[PlyCount "90"]
[WhiteFideId "24659762"]
[BlackFideId "4630904"]
[EventCountry "GER"]
[EventRounds "7"]
[EventType "team-swiss"]
[EventDate "2008.12.26"]

1. e4 e5 2. Nf3 Nf6 3. Nxe5 d6 4. Nc4 Nxe4 5. Qe2 Qe7 6. Ne3 Nf6 7. g3 Nc6 8.
Bg2 Bd7 9. O-O O-O-O 10. c3 h5 11. h3 h4 12. g4 Ne5 13. g5 Nh5 14. Nd5 Qe8 15.
d4 Bb5 16. Qe4 Bxf1 17. Kxf1 Nc6 18. Qxh4 Ne7 19. Qe4 Nxd5 20. Qxd5 c6 21. Qf3
Qe6 22. Be3 g6 23. d5 Qf5 24. Qxf5+ gxf5 25. dxc6 b6 26. Nd2 Be7 27. f4 d5 28.
b4 Ng3+ 29. Kf2 Ne4+ 30. Nxe4 dxe4 31. Bf1 Rd6 32. b5 Rhd8 33. Bc4 Rh8 34. Rh1
Rh7 35. h4 Rd8 36. h5 Bc5 37. Bxc5 bxc5 38. Ke3 Kc7 39. a4 Kb6 40. Be2 Rd6 41.
Ra1 Ka5 42. Rg1 Kb6 43. a5+ Kc7 44. Rb1 Rd8 45. Rb2 Rhh8 1/2-1/2

[Event "DVM U16 2008"]
[Site "Bingen GER"]
[Date "2008.12.27"]
[Round "2"]
[White "Orhan, Eda"]
[Black "Wilhelm, Robin"]
[Result "1-0"]
[Termination "normal"]
[Board "10.3"]
[WhiteElo "1603"]
[BlackElo "1651"]
[WhiteTeam "SG Bochum 31"]
[BlackTeam "SC Réti Heusweiler"]
[PlyCount "99"]
[WhiteFideId "24659258"]
[BlackFideId "4659627"]
[EventCountry "GER"]
[EventRounds "7"]
[EventType "team-swiss"]
[EventDate "2008.12.26"]

1. d4 d5 2. Nf3 Bf5 3. e3 e6 4. c4 c6 5. cxd5 exd5 6. Nc3 Nf6 7. Bd3 Bg6 8. O-O
Bd6 9. Re1 Qe7 10. Qc2 Bxd3 11. Qxd3 Ne4 12. b3 Nxc3 13. Qxc3 Bb4 14. Qc2 Bxe1
15. Nxe1 Nd7 16. Nd3 O-O 17. a4 Qe4 18. Ba3 Rfe8 19. Rc1 Re6 20. Qd2 Qh4 21.
Nf4 Rh6 22. h3 Nf6 23. Be7 Re8 24. Qb4 Qg5 25. Qxb7 Qf5 26. Rxc6 g5 27. Ne2 Ng4
28. hxg4 Qxg4 29. Rxh6 Qxe2 30. Qb4 Kg7 31. Bxg5 Re6 32. Rxe6 Qd1+ 33. Kh2 Qh5+
34. Kg1 Qd1+ 35. Kh2 Qh5+ 36. Kg3 Qxg5+ 37. Kf3 Qf5+ 38. Ke2 Qxe6 39. f3 Qg6
40. Kf2 Qc2+ 41. Kg3 Qd3 42. Qb5 Qxe3 43. Qxd5 Qe1+ 44. Kg4 Qf2 45. Qe5+ Kg8
46. g3 Qc2 47. Qg5+ Kf8 48. Qc5+ Qxc5 49. dxc5 Ke7 50. Kf5 1-0

[Event "DVM U16 2008"]
[Site "Bingen GER"]
[Date "2008.12.27"]
[Round "2"]
[White "Wilhelm, Kevin"]
[Black "Budszuhn, Timo"]
[Result "0-1"]
[Termination "normal"]
[Board "10.4"]
[WhiteElo "1303"]
[BlackElo "1470"]
[WhiteTeam "SC Réti Heusweiler"]
[BlackTeam "SG Bochum 31"]
[PlyCount "34"]
[BlackFideId "1270607"]
[EventCountry "GER"]
[EventRounds "7"]
[EventType "team-swiss"]
[EventDate "2008.12.26"]

1. e4 e5 2. Nf3 Nc6 3. Bc4 Bc5 4. d3 Nf6 5. Nc3 h6 6. O-O d6 7. h3 O-O 8. Be3
Bb6 9. Qd2 Bd7 10. Bxh6 gxh6 11. Qxh6 Nh7 12. Qg6+ Kh8 13. Qh5 Qf6 14. h4 Qg6
15. Bxf7 Qxf7 16. Qh6 Qg7 17. Qd2 Rxf3 0-1